| 000 | 00444nam a22001817a 4500 | ||
|---|---|---|---|
| 003 | NUST | ||
| 020 | _a978-81-317-20189 | ||
| 038 | _akhadija | ||
| 082 |
_a004.165 _bMAC |
||
| 100 |
_aMacKenzie, Scott .I _981554 |
||
| 245 |
_aThe 8051 Microcontroller _cI. Scott, MacKenzie |
||
| 250 | _a4th ed. | ||
| 260 |
_aNew Dehli: _bPearson Education; _c2009. |
||
| 300 | _a551 p. ; | ||
| 500 | _apaperback. | ||
| 563 | _apaper back | ||
| 942 |
_cBK _2ddc |
||
| 999 |
_c32297 _d32297 |
||